000 nam a22 7a 4500
999 _c232536
_d232536
003 ASAB
005 20170220155432.0
008 170220b xxu||||| |||| 00| 0 eng d
040 _cASAB
082 _a660.6 SHU
245 _aRecent techniques in Genetic Engineering
_cR.N. Shukla
942 _2ddc
_cBK